000 00458cam a2200157 4500500
005 20251012032458.0
041 _afre
042 _adc
100 1 0 _aAparicio, Antonio
_eauthor
700 1 0 _a Sesé, Bernard
_eauthor
245 0 0 _aEl secreto/Le secret
260 _c2001.
500 _a82
786 0 _nSigila | 8 | 2 | 2001-12-20 | p. 62-63 | 1286-1715
856 4 1 _uhttps://shs.cairn.info/revue-sigila-2001-2-page-62?lang=fr&redirect-ssocas=7080
999 _c1547415
_d1547415